01009nas a2200277Ia 4500001002300000003001000023008004100033040002500074041001300099100002500112210002500137222002500162245002400187250001100211260000900222501012300231300001200354362003000366500008200396650002200478700001100500942000700511957000600518999003200524952017500556dd13-1799 [d000001891]IT-MiCISF161014c99999999xx |||||||||||| ||und|| aIT-MiCISFcIT-MiCISF aITALIANO aMelchiorre Virgilio  aSegnosette nel mondo aSegnosette nel mondo 0aLa famiglia sognata a1a ed. c1994 bCISF - Centro Internazionale Studi Famiglia - Via Giotto, 36 20145 MILANO (non commercial uses only)cCopyright 2016 app. 3-7 a n. 8, 27 febbraio [1994] aCampanini G., Rosati E., Guarino B. Tema: famiglia, famiglia-aperta, adozione aFAMIGLIAvdossier aAA.VV. cCR 71 a1799bSig1c221163d221163 0010406DD_131799_D00000189171aCISFbCISFd2016-10-14l0odd13-1799 [d000001891]r2016-10-14 00:00:00w2016-10-14yCRzData import 15.10.2016 / by Epidotti, Vaglietti